|
|
|
|
| LEADER |
00000nab a2200000 a 4500 |
| 001 |
vtls000422612 |
| 003 |
SK-MaSNL |
| 005 |
20260302232852.0 |
| 008 |
120925c1991 xo 0 slo |
| 015 |
|
|
|a SNBRB19rr/mm-uuuuu
|
| 035 |
|
|
|a CL0422740
|
| 040 |
|
|
|a SNKBUCL
|b slo
|c SNKBUCL
|e AACR2
|
| 041 |
0 |
|
|a slo
|
| 044 |
|
|
|a xo
|c SK
|
| 080 |
|
|
|a 636.932.3.082.454.2
|2 1981
|
| 100 |
1 |
|
|a Ország, Peter
|4 aut
|9 854046
|
| 245 |
1 |
0 |
|a Poruchy pri reprodukcii nutrií - vina i chovateľa
|c Peter Ország
|
| 300 |
|
|
|b Fot. 1.
|
| 650 |
0 |
7 |
|a nutrie
|2 snkbucl
|9 70871
|
| 655 |
|
7 |
|a články z novín a časopisov
|2 snkbucl
|9 267496
|
| 773 |
0 |
|
|t Roľnícke noviny
|g Roč. 46, č. 171 (24. 7. 1991), s. 6
|
| 850 |
|
|
|a Slovenská národná knižnica v Martine
|a MTA001
|
| 852 |
|
|
|a SNK
|b KIS3GCP
|
| 958 |
|
|
|a RK
|
| 992 |
|
|
|a RBX
|
| 999 |
|
|
|c 1544613
|d 1546543
|